| 000 | 00725pam a2200169 a 4500 | ||
|---|---|---|---|
| 020 | _a030903101X (pbk.) : | ||
| 082 | 0 | 0 |
_a666.893 _bNAT _cD |
| 100 |
_aNational Research Council _926742 |
||
| 245 | 1 | 0 |
_aProceedings of the National Seminar on Asphalt Pavement Recycling / _cTransportation Research Board, Commission on Sociotechnical Systems, National Research Council. |
| 260 |
_aWashington, D.C. : _bTransportation Research Board, National Academy of Sciences, _c1980. |
||
| 300 |
_avi, 141 p. : _bill. ; _c28 cm. |
||
| 526 |
_a0 _b0 _c0 _d666_893000000000000_NAT |
||
| 650 | 0 |
_aMCE _9379 |
|
| 650 | 0 |
_aPavements, Asphalt _xRecycling _xCongresses. _944888 |
|
| 710 | 2 |
_aNational Research Council (U.S.). _920017 |
|
| 942 |
_2ddc _cBK |
||
| 999 |
_c548539 _d548539 |
||